Score 0/54 Timer 07:00
0 Plays Today
Vowel-less Country % Correct
QBMZMMozambique
89.5%
NZNTTanzania
89.5%
BMZZambia
89.1%
GNC HT F CLBPR CTRCMDDemocratic Republic Of The Congo
89%
WBBMZZimbabwe
88.9%
RGN (7 letters)Nigeria
88.8%
RGN (5 letters)Niger
88.8%
RCSGDMMadagascar
88.6%
YNKKenya
88.4%
NDS HTSSouth Sudan
88.3%
NDSSudan
88.1%
DNWRRwanda
88.1%
LMMali
88.1%
NHGGhana
88.1%
NWSTBBotswana
87.6%
GNC HT F CLBPRRepublic Of The Congo
87.5%
DHCChad
87.4%
GTTogo
87.3%
CCRMMorocco
87.2%
TBJDDjibouti
86.5%
CLBPR NCRF LRTNCCentral African Republic
86.4%
NBGGabon
86.1%
WLMMalawi
86%
BMNNamibia
86%
LGNSSenegal
85.9%
LMSSomalia
85.6%
SF NKRBBurkina Faso
85.3%
Vowel-less Country % Correct
NRMCCameroon
85%
CRF HTSSouth Africa
84.9%
SLLHCSSeychelles
84.5%
RBLLiberia
84%
HTSLLesotho
83.8%
BMG HTThe Gambia
82.6%
NNBBenin
82.1%
SSB-NGGuinea-Bissau
81.1%
DNRBBurundi
80.8%
RV'D TCCôte d'Ivoire
79.9%
NG LRTQEquatorial Guinea
79.4%
BLLibya
79.1%
DRV BCCabo Verde
78.9%
SRMCComoros
77.8%
SNTTunisia
77%
PCNRP DN MT SSão Tomé and Príncipe
76.4%
NL RRSSierra Leone
76.3%
RGLAlgeria
75.5%
LGNAngola
75.1%
TPGEgypt
75%
STRMMauritius
72.6%
NTRMMauritania
72.2%
DNGUganda
71.2%
RTREritrea
71%
PHTEthiopia
68.4%
NGGuinea
65.8%
NTWSEswatini
64.8%
Remove Ads.
Support Sporcle.
Get the best of Sporcle when you Go Orange. This ad-free experience offers more features, more stats, and more fun while also helping to support Sporcle. Thank you for becoming a member.

You're not logged in!

Compare scores with friends on all Sporcle quizzes.
OR
Log In

Show Comments

Extras

Top Quizzes Today


Score Distribution

Your Account Isn't Verified!

In order to create a playlist on Sporcle, you need to verify the email address you used during registration. Go to your Sporcle Settings to finish the process.

Report this User

Report this user for behavior that violates our Community Guidelines.

Details: